| 000 | 01179nam a2200253Ia 4500 | ||
|---|---|---|---|
| 001 | 10505 | ||
| 003 | GE_BSU | ||
| 008 | 181216s||||||||xx |||||||||||||| ||und|| | ||
| 020 | _a9789941018763 | ||
| 040 | _cGE_BSU | ||
| 080 | _a61(09)(075.8) | ||
| 100 | _aშენგელია,რამაზ | ||
| 245 | _aმედიცინის ისტორია და ზოგადი თეორია | ||
| 245 | _bწ.1-2.ძველი აღმოსავლეთი.სამედიცინო ტრადიციები | ||
| 245 | _cწიგნზე მუშ.ჯილდა გურგენიძე,ეკა სანიკიძე.ნინო ჩიხლაძე.რედ.ნუნუ მინდაძე,ნანი ხელაია | ||
| 260 | _aთბილისი | ||
| 260 | _bენგადი | ||
| 260 | _c2012 | ||
| 300 | _a186გვ.28სმ. | ||
| 541 | _h18ლ. | ||
| 653 | _aმედიცინის ისტორია და ზოგადი თეორია | ||
| 653 | _aძველი აღმოსავლეთი.სამედიცინო ტრადიციები | ||
| 942 | _cBK | ||
| 999 |
_c43760 _d43760 |
||